Thinkers of the East : (Запис № 556761)
[ простий вигляд ]
| 000 -LEADER | |
|---|---|
| fixed length control field | 01467cam a2200349Ia 4500 |
| 001 - CONTROL NUMBER | |
| control field | thinkersofeastst00shahrich |
| 003 - CONTROL NUMBER IDENTIFIER | |
| control field | CaSfIA |
| 005 - DATE AND TIME OF LATEST TRANSACTION | |
| control field | 20210119102358.0 |
| 007 - PHYSICAL DESCRIPTION FIXED FIELD--GENERAL INFORMATION | |
| fixed length control field | cr|||| |
| 008 - FIXED-LENGTH DATA ELEMENTS--GENERAL INFORMATION | |
| fixed length control field | 840809s1982 enk 000 0 eng d |
| 040 ## - CATALOGING SOURCE | |
| Original cataloging agency | IXA |
| Transcribing agency | IXA |
| Modifying agency | NRM |
| -- | YDXCP |
| -- | UV1 |
| -- | UPM |
| -- | CaSfIA |
| 020 ## - INTERNATIONAL STANDARD BOOK NUMBER | |
| International Standard Book Number | 0900860464 |
| 020 ## - INTERNATIONAL STANDARD BOOK NUMBER | |
| International Standard Book Number | 9780900860461 |
| 035 ## - SYSTEM CONTROL NUMBER | |
| System control number | (OCoLC)11037430 |
| 050 04 - LIBRARY OF CONGRESS CALL NUMBER | |
| Classification number | PN6071.S85 |
| Item number | S52 |
| 082 00 - DEWEY DECIMAL CLASSIFICATION NUMBER | |
| Classification number | 297/.4 |
| Edition number | 19 |
| 082 04 - DEWEY DECIMAL CLASSIFICATION NUMBER | |
| Classification number | 181/.5 |
| 029 1# - (OCLC) | |
| OCLC library identifier | YDXCP |
| System control number | 1040628 |
| 029 1# - (OCLC) | |
| OCLC library identifier | NZ1 |
| System control number | 2776991 |
| 029 1# - (OCLC) | |
| OCLC library identifier | AU@ |
| System control number | 000002291038 |
| 100 1# - MAIN ENTRY--PERSONAL NAME | |
| Personal name | Shah, Idries, |
| Dates associated with a name | 1924- |
| 245 10 - TITLE STATEMENT | |
| Title | Thinkers of the East : |
| Medium | [electronic resource] |
| Remainder of title | studies in experientialism / |
| Statement of responsibility, etc | Idries Shah. |
| 260 ## - PUBLICATION, DISTRIBUTION, ETC. (IMPRINT) | |
| Place of publication, distribution, etc | London : |
| Name of publisher, distributor, etc | Octagon Press, |
| Date of publication, distribution, etc | c1982. |
| 300 ## - PHYSICAL DESCRIPTION | |
| Extent | 198 p. ; |
| Dimensions | 23 cm. |
| 500 ## - GENERAL NOTE | |
| General note | First published in 1971. First impression in this edition 1977. Second impression 1982. |
| 506 ## - RESTRICTIONS ON ACCESS NOTE | |
| Standardized terminology for access restriction | Необхідна авторизація на https://archive.org/ (створення облікового запису безкоштовно) |
| 506 ## - RESTRICTIONS ON ACCESS NOTE | |
| Standardized terminology for access restriction | Необхідна авторизація на https://openlibrary.org/ (створення облікового запису безкоштовно) |
| 650 #0 - SUBJECT ADDED ENTRY--TOPICAL TERM | |
| Topical term or geographic name as entry element | Tales, Sufi. |
| 856 41 - ELECTRONIC LOCATION AND ACCESS | |
| Uniform Resource Identifier | <a href="http://www.archive.org/details/thinkersofeastst00shahrich">http://www.archive.org/details/thinkersofeastst00shahrich</a> |
| Public note | Free eBook from the Internet Archive |
| 856 42 - ELECTRONIC LOCATION AND ACCESS | |
| Uniform Resource Identifier | <a href="http://www.openlibrary.org/books/OL18370279M">http://www.openlibrary.org/books/OL18370279M</a> |
| Public note | Additional information and access via Open Library |
| 942 ## - ADDED ENTRY ELEMENTS (KOHA) | |
| Koha item type | ЕКнига |
Немає доступних примірників.